Normal view
MARC view
Entry Personal Name
001 - CONTROL NUMBER
- control field: 218802
003 - CONTROL NUMBER IDENTIFIER
- control field: OSt
005 - DATE AND TIME OF LATEST TRANSACTION
- control field: 20220924144955.0
008 - FIXED-LENGTH DATA ELEMENTS
- fixed length control field: 220924|| aca||aabn | a|a d
040 ## - CATALOGING SOURCE
- Original cataloging agency: OSt
- Transcribing agency: OSt
100 ## - HEADING--PERSONAL NAME
- Personal name: Zandi Fazil Au
670 ## - SOURCE DATA FOUND
- Source citation: Work cat.: (OSt)458786: Zandi Fazil Au. , Khutoot-o-bubhha jazbi Miv-o-Mv ashsha, 1952
